Pays avec 2 ou plus prix Nobel de littérature - Statistiques

Statistiques générales
  • Ce quiz a été pris 522 fois
    424 depuis la dernière actualisation
  • Le résultat moyen est 16 sur 19
Statistiques - réponses
Nombre de Nobels Pays % Correct
16 France
100%
11 États-Unis
99%
6 Espagne
97%
8 Allemagne
96%
10 Royaume-Uni
96%
4 Russie / Union soviétique
95%
6 Italie
93%
2 Japon
93%
2 Chine
92%
8 Suède
90%
3 Norvége
86%
2 Suisse
81%
6 Pologne
79%
2 Autriche
74%
3 Danemark
74%
4 Irlande
71%
2 Grèce
65%
2 Afrique du Sud
54%
2 Chili
45%
Aucun quiz correspondant
Distribution des résultats
% des personnes avec chaque résultat
Percentile par nombre de réponses
Votre historique - résultats
Vous n’avez pas pris ce quiz depuis la dernière actualisation